000 00634nam a2200241Ia 4500
003 GCL
008 140319s9999 xx 000 0 eng d
040 _aGCL /
_cGCL
082 0 4 _a330.956
_bF E
100 1 _aFISCHER, STANLEY
245 1 0 _aTHE ECONOMICS OF MIDDLE EAST PEACE: VIEWS FROM THE REGION /
_cFISCHER, STANLEY
700 1 _aRODRIK DANI
700 1 _aTUMA, ELIAS
260 _a[S.N] :
_bTHE MIT PRESS ،
_c1993
300 _a370 P
650 0 4 _aFOREIGN ECONOMIC RELATIONS
650 0 4 _aCONGRESSES
650 0 4 _aECONOMIC ASPECTS
650 0 4 _aMIDDLE EAST
650 0 4 _aPEACE
650 0 4 _aWAR
942 _2ddc
_cBK
999 _c11770
_d11770